| Tag |
First Indicator |
Second Indicator |
Subfields |
| LEADER |
00000cam a2200000 i 4500 |
| 001 |
in00004574913 |
| 006 |
m o d f |
| 007 |
cr ||||||||||| |
| 008 |
220203s2021 mdua o f000 0 eng c |
| 005 |
20221217192108.4 |
| 035 |
|
|
|a (OCoLC)on1295024685
|
| 040 |
|
|
|a GPO
|b eng
|e rda
|e pn
|c GPO
|d MvI
|
| 042 |
|
|
|a pcc
|
| 043 |
|
|
|a n-us---
|
| 049 |
|
|
|a WWW
|
| 074 |
|
|
|a 0030-A-01 (online)
|
| 086 |
0 |
|
|a A 101.10/2:20-05-008-3
|
| 110 |
1 |
|
|a United States.
|b Animal and Plant Health Inspection Service,
|0 http://id.loc.gov/authorities/names/n79110456
|e author.
|
| 245 |
1 |
0 |
|a Summer internships for University of North Carolina at Pembroke students.
|
| 264 |
|
1 |
|a [Riverdale, Md.] :
|b Animal and Plant Health Inspection Service, U.S. Department of Agriculture,
|c 2021.
|
| 300 |
|
|
|a 1 online resource (1 unnumbered page) :
|b color illustration.
|
| 336 |
|
|
|a text
|b txt
|2 rdacontent
|
| 337 |
|
|
|a computer
|b c
|2 rdamedia
|
| 338 |
|
|
|a online resource
|b cr
|2 rdacarrier
|
| 490 |
1 |
|
|a APHIS ;
|v 20-05-008-3
|
| 500 |
|
|
|a "Issued October 2021."
|
| 500 |
|
|
|a GPO Cataloging Record Distribution Program (CRDP).
|
| 588 |
|
|
|a Description based on online resource; title from PDF caption (APHIS, viewed November 1, 2021).
|
| 610 |
1 |
0 |
|a United States.
|b Animal and Plant Health Inspection Service
|0 http://id.loc.gov/authorities/names/n79110456
|x Study and teaching (Internship)
|0 http://id.loc.gov/authorities/subjects/sh2001009011
|
| 650 |
|
0 |
|a Internship programs
|0 http://id.loc.gov/authorities/subjects/sh86001851
|z United States.
|0 http://id.loc.gov/authorities/names/n78095330
|
| 610 |
2 |
0 |
|a University of North Carolina at Pembroke.
|0 http://id.loc.gov/authorities/names/no99018594
|
| 810 |
1 |
|
|a United States.
|b Animal and Plant Health Inspection Service.
|t Find your future with us.
|0 http://id.loc.gov/authorities/names/no2022004643
|
| 830 |
|
0 |
|a APHIS 20 ;
|0 http://id.loc.gov/authorities/names/no2022004631
|v 05-008.
|
| 856 |
4 |
0 |
|u https://purl.fdlp.gov/GPO/gpo171262
|t 0
|
| 999 |
f |
f |
|s 94947089-d7dc-4a41-98dd-bbdea297094b
|i 3f9e797d-85ac-4c7e-9417-fff964400acd
|t 0
|
| 952 |
f |
f |
|a Texas A&M University
|b College Station
|c Electronic Resources
|d Available Online
|t 0
|e A 101.10/2:20-05-008-3
|h Superintendent of Documents classification
|
| 998 |
f |
f |
|a A 101.10/2:20-05-008-3
|t 0
|l Available Online
|